<?xml version="1.0" encoding="UTF-8"?>
<record
    xmlns:xsi="http://www.w3.org/2001/XMLSchema-instance"
    xsi:schemaLocation="http://www.loc.gov/MARC21/slim http://www.loc.gov/standards/marcxml/schema/MARC21slim.xsd"
    xmlns="http://www.loc.gov/MARC21/slim">

  <leader>00301nam a22001217a 4500</leader>
  <controlfield tag="008">230127b        |||||||| |||| 00| 0 eng d</controlfield>
  <datafield tag="020" ind1=" " ind2=" ">
    <subfield code="a">978-99936-867-1-2</subfield>
  </datafield>
  <datafield tag="100" ind1=" " ind2=" ">
    <subfield code="a">Ngawang Phuntsho</subfield>
  </datafield>
  <datafield tag="245" ind1=" " ind2=" ">
    <subfield code="a">Thus I heard</subfield>
    <subfield code="c">Ngawang Phuntsho</subfield>
  </datafield>
  <datafield tag="260" ind1=" " ind2=" ">
    <subfield code="b">Crowdpublished</subfield>
  </datafield>
  <datafield tag="300" ind1=" " ind2=" ">
    <subfield code="a">108 p</subfield>
    <subfield code="c">14.8cm</subfield>
  </datafield>
  <datafield tag="942" ind1=" " ind2=" ">
    <subfield code="2">ddc</subfield>
  </datafield>
  <datafield tag="999" ind1=" " ind2=" ">
    <subfield code="c">9244</subfield>
    <subfield code="d">9245</subfield>
  </datafield>
  <datafield tag="952" ind1=" " ind2=" ">
    <subfield code="0">0</subfield>
    <subfield code="1">0</subfield>
    <subfield code="2">ddc</subfield>
    <subfield code="4">0</subfield>
    <subfield code="7">0</subfield>
    <subfield code="a">RTCLIB</subfield>
    <subfield code="b">RTCLIB</subfield>
    <subfield code="c">PERIODICALS</subfield>
    <subfield code="d">2023-01-27</subfield>
    <subfield code="h">176727</subfield>
    <subfield code="p">30017877</subfield>
    <subfield code="r">2023-01-27 00:00:00</subfield>
    <subfield code="w">2023-01-27</subfield>
    <subfield code="y">PERIODICAL</subfield>
  </datafield>
  <datafield tag="952" ind1=" " ind2=" ">
    <subfield code="0">0</subfield>
    <subfield code="1">0</subfield>
    <subfield code="2">ddc</subfield>
    <subfield code="4">0</subfield>
    <subfield code="7">0</subfield>
    <subfield code="a">RTCLIB</subfield>
    <subfield code="b">RTCLIB</subfield>
    <subfield code="c">PERIODICALS</subfield>
    <subfield code="d">2023-01-27</subfield>
    <subfield code="h">176728</subfield>
    <subfield code="l">1</subfield>
    <subfield code="m">1</subfield>
    <subfield code="p">30017857</subfield>
    <subfield code="r">2023-05-24 00:00:00</subfield>
    <subfield code="s">2023-05-02</subfield>
    <subfield code="w">2023-01-27</subfield>
    <subfield code="y">PERIODICAL</subfield>
  </datafield>
  <datafield tag="952" ind1=" " ind2=" ">
    <subfield code="0">0</subfield>
    <subfield code="1">0</subfield>
    <subfield code="2">ddc</subfield>
    <subfield code="4">0</subfield>
    <subfield code="7">0</subfield>
    <subfield code="a">RTCLIB</subfield>
    <subfield code="b">RTCLIB</subfield>
    <subfield code="c">PERIODICALS</subfield>
    <subfield code="d">2023-01-27</subfield>
    <subfield code="h">176729</subfield>
    <subfield code="l">2</subfield>
    <subfield code="p">30017837</subfield>
    <subfield code="r">2023-03-24 00:00:00</subfield>
    <subfield code="s">2023-03-01</subfield>
    <subfield code="w">2023-01-27</subfield>
    <subfield code="y">PERIODICAL</subfield>
  </datafield>
</record>
